MARC details
| 000 -LEADER |
| fixed length control field |
02011cam a22005057a 4500 |
| 001 - CONTROL NUMBER |
| control field |
10049 |
| 003 - CONTROL NUMBER IDENTIFIER |
| control field |
FISKH |
| 005 - DATE AND TIME OF LATEST TRANSACTION |
| control field |
20260401154114.0 |
| 008 - FIXED-LENGTH DATA ELEMENTS--GENERAL INFORMATION |
| fixed length control field |
131120s2014 nyuaf j 000 1 eng d |
| 010 ## - LIBRARY OF CONGRESS CONTROL NUMBER |
| LC control number |
2013955930 |
| 020 ## - INTERNATIONAL STANDARD BOOK NUMBER |
| International Standard Book Number |
9781423197584 |
| Qualifying information |
pbk. |
| 020 ## - INTERNATIONAL STANDARD BOOK NUMBER |
| International Standard Book Number |
1423197585 |
| Qualifying information |
pbk. |
| 035 ## - SYSTEM CONTROL NUMBER |
| System control number |
17948890 |
| 035 ## - SYSTEM CONTROL NUMBER |
| System control number |
(OCoLC)855905147 |
| 040 ## - CATALOGING SOURCE |
| Original cataloging agency |
YDXCP |
| Transcribing agency |
YDXCP |
| Modifying agency |
BTCTA |
| -- |
BDX |
| -- |
IEP |
| -- |
CO2 |
| -- |
OCLCO |
| -- |
OCLCF |
| -- |
DLC |
| 050 00 - LIBRARY OF CONGRESS CALL NUMBER |
| Classification number |
PZ7.C161664 |
| Item number |
Am 2014 |
| 082 ## - DEWEY DECIMAL CLASSIFICATION NUMBER |
| Classification number |
813.6 |
| 100 1# - MAIN ENTRY--PERSONAL NAME |
| Personal name |
Candau, Brittany. |
| 245 10 - TITLE STATEMENT |
| Title |
Amazing Spider-Man 2 / |
| Statement of responsibility, etc. |
adapted by Brittany Candau and Nachie Marsham. |
| 246 3# - VARYING FORM OF TITLE |
| Title proper/short title |
Amazing Spider-Man two |
| 260 ## - PUBLICATION, DISTRIBUTION, ETC. |
| Place of publication, distribution, etc. |
New York : |
| Name of publisher, distributor, etc. |
Marvel, |
| Date of publication, distribution, etc. |
2014 |
| 300 ## - PHYSICAL DESCRIPTION |
| Extent |
135 pages : |
| Other physical details |
color illustrations ; |
| Dimensions |
20 cm |
| 500 ## - GENERAL NOTE |
| General note |
"Includes two bookmarks!"--Front cover. |
| 500 ## - GENERAL NOTE |
| General note |
Based on the screenplay by Alex Kurtzman & Roberto Orci & Jeff Pinkner ; produced by Avi Arad & Matt Tolmach ; directed by Marc Webb. |
| 505 ## - FORMATTED CONTENTS NOTE |
| Formatted contents note |
R<br/> |
| 520 ## - SUMMARY, ETC. |
| Summary, etc. |
Peter Parker runs the gauntlet as the mysterious company Oscorp sends up a slew of supervillains against him, impacting on his life. |
| 521 8# - TARGET AUDIENCE NOTE |
| Target audience note |
710<br/> |
| Source |
Lexile<br/><br/> |
| 521 8# - TARGET AUDIENCE NOTE |
| Target audience note |
R<br/> |
| Source |
Raz-Plus<br/> |
| 600 00 - SUBJECT ADDED ENTRY--PERSONAL NAME |
| Personal name |
Spider-Man |
| Titles and other words associated with a name |
(Fictitious character) |
| Form subdivision |
Juvenile fiction. |
| 650 #0 - SUBJECT ADDED ENTRY--TOPICAL TERM |
| Topical term or geographic name entry element |
Heroes |
| Form subdivision |
Juvenile fiction. |
| 650 #0 - SUBJECT ADDED ENTRY--TOPICAL TERM |
| Topical term or geographic name entry element |
Good and evil |
| Form subdivision |
Juvenile fiction. |
| 650 #0 - SUBJECT ADDED ENTRY--TOPICAL TERM |
| Topical term or geographic name entry element |
Film novelizations |
| Form subdivision |
Juvenile fiction. |
| 650 #7 - SUBJECT ADDED ENTRY--TOPICAL TERM |
| Topical term or geographic name entry element |
Film novelizations. |
| Source of heading or term |
fast |
| Authority record control number or standard number |
(OCoLC)fst00924276 |
| 650 #7 - SUBJECT ADDED ENTRY--TOPICAL TERM |
| Topical term or geographic name entry element |
Good and evil. |
| Source of heading or term |
fast |
| Authority record control number or standard number |
(OCoLC)fst00944894 |
| 650 #7 - SUBJECT ADDED ENTRY--TOPICAL TERM |
| Topical term or geographic name entry element |
Heroes. |
| Source of heading or term |
fast |
| Authority record control number or standard number |
(OCoLC)fst00955558 |
| 650 #7 - SUBJECT ADDED ENTRY--TOPICAL TERM |
| Topical term or geographic name entry element |
Spider-Man (Fictitious character) |
| Source of heading or term |
fast |
| Authority record control number or standard number |
(OCoLC)fst01129748 |
| 655 #7 - INDEX TERM--GENRE/FORM |
| Genre/form data or focus term |
Fiction. |
| Source of term |
fast |
| Authority record control number or standard number |
(OCoLC)fst01423787 |
| 655 #7 - INDEX TERM--GENRE/FORM |
| Genre/form data or focus term |
Juvenile works. |
| Source of term |
fast |
| Authority record control number or standard number |
(OCoLC)fst01411637 |
| 655 #7 - INDEX TERM--GENRE/FORM |
| Genre/form data or focus term |
Fiction. |
| Source of term |
lcgft |
| Authority record control number or standard number |
https://id.loc.gov/authorities/genreForms/gf2014026339 |
| 700 1# - ADDED ENTRY--PERSONAL NAME |
| Personal name |
Marsham, Nachie. |
| Relator term |
Adapter |
| 730 02 - ADDED ENTRY--UNIFORM TITLE |
| Uniform title |
Spider-Man 2 (Motion picture) |
| 906 ## - LOCAL DATA ELEMENT F, LDF (RLIN) |
| a |
7 |
| b |
cbc |
| c |
copycat |
| d |
2 |
| e |
ncip |
| f |
20 |
| g |
y-gencatlg |
| 942 ## - ADDED ENTRY ELEMENTS (KOHA) |
| Source of classification or shelving scheme |
Dewey Decimal Classification |
| Koha item type |
Books |
| Suppress in OPAC |
No |